000 01035pam a2200325 a 4500
001 5866
003 FISKH
005 20250429080701.0
008 860723t19871973nyua j 000 0 eng
010 _a 86020675
020 _a0689711115 (pbk.) :
020 _a9780545512459
040 _aDLC
_cDLC
_dDLC
_beng
050 _aBF469.H6
082 _a428.1
100 1 _aHoban, Tana.
245 1 0 _aOver, under & through /
_cby Tana Hoban.
260 _aNew York :
_bAladdin Books,
_c1973.
300 _a30 unnumbered pages :
_bcolor illustrations ;
_c18 x 23 cm
505 _aG
520 _aPhotographs demonstrate the spatial concepts expressed in twelve words such as around, across, between, against, and behind.
521 8 _a400
_bLexile estimate
521 8 _aG
_bRaz-Plus
650 0 _aSpace perception
_xPictorial works
_xJuvenile literature.
650 1 _aSpace perception.
650 1 _aVocabulary.
906 _a7
_bcbc
_corignew
_d1
_eocip
_f19
_gy-gencatlg
942 _2ddc
_cBK
_n0
999 _c5866
_d5866